LEADER 01232nam 2200385 450 001 000000596 005 20050718115000.0 100 $a--------d1913----km-y0itay0103----ba 101 0 $aita 102 $aIT 200 1 $a<> arte nuda$fM. Rigillo 210 $aFirenze$bvia Ricasoli, 63$cTipografia domenicana$d1913 215 $a12 p.$d24 cm 303 $aFront. in cop. 305 $aEstratto dalla rivista:" Arte e storia" N. 2 - 15 febbraio 1913 606 $aArte e morale 700 1$aRigillo,$bMichele$0438376 801 0$aIT$bUniversità della Basilicata - B.I.A.$gRICA$2unimarc 912 $a000000596 996 $aArte nuda$970859 997 $aUNIBAS BAS $aMONLET BAS $aMONOGR BAS $aLETTERE CAT $aGINO$b01$c19990621$lBAS01$h1108 CAT $c20000913$lBAS01$h1424 CAT $c20000920$lBAS01$h1827 CAT $c20001010$lBAS01$h1630 CAT $c20050601$lBAS01$h1752 CAT $abatch$b01$c20050718$lBAS01$h1046 CAT $c20050718$lBAS01$h1106 CAT $c20050718$lBAS01$h1136 CAT $c20050718$lBAS01$h1150 FMT Z30 -1$lBAS01$LBAS01$mBOOK$1BASA1$APolo Storico-Umanistico$2FDEP$BFondo De Pilato$3FD/2018$62018$5D2018$819990819$f52$FRari LEADER 01389nam 2200361 a 450 001 9910695083603321 005 20060417084955.0 035 $a(CKB)5470000002365881 035 $a(OCoLC)66899342 035 $a(EXLCZ)995470000002365881 100 $a20060417d2006 ua 0 101 0 $aeng 135 $aurmn|---||||| 181 $ctxt$2rdacontent 182 $cc$2rdamedia 183 $acr$2rdacarrier 200 10$aFederal Bureau of Investigation$b[electronic resource] $eweak controls over Trilogy project led to payment of questionable contractor costs and missing assets : report to congressional requesters 210 1$a[Washington, D.C.] :$cU.S. Government Accountability Office,$d[2006] 215 $aii, 82 pages $cdigital, PDF file 300 $aTitle from title screen (viewed on Apr. 4, 2006). 300 $a"February 2006." 300 $aPaper version available from: U.S. Government Accountability Office, 441 G St., NW, Rm. LM, Washington, D.C. 20548. 300 $a"GAO-06-306." 320 $aIncludes bibliographical references. 517 $aFederal Bureau of Investigation 606 $aCriminal investigation$zUnited States$xAutomation 615 0$aCriminal investigation$xAutomation. 801 0$bGPO 801 1$bGPO 906 $aBOOK 912 $a9910695083603321 996 $aFederal Bureau of Investigation$93092205 997 $aUNINA